[Event "Kupreichik Memorial Open 2018"]
[Site "Minsk"]
[Date "2018.06.22"]
[Round "5"]
[White "Korobov, Anton"]
[Black "Meshkovs, Nikita"]
[Result "1-0"]
[WhiteElo "2736"]
[BlackElo "2572"]
[Annotator "TA"]
[PlyCount "135"]
[EventDate "2018.06.21"]
[EventCountry "BLR"]
[SourceTitle "playchess.com"]
[Source "ChessBase"]
[SourceQuality "1"]

{[%evp 25,135,0,4,4,10,10,10,10,13,14,0,9,15,5,66,5,8,14,8,0,22,36,88,93,109,108,143,134,135,114,141,141,135,135,141,133,134,137,766,171,510,502,475,493,449,429,429,413,395,361,330,216,328,304,312,312,311,320,326,315,310,311,320,312,308,306,303,284,261,0,283,284,12832,12833,12548,4690,1331,1127,12849,12848,12849,12848,12849,12849,12850,12847,12848,12847,12849,12849,12850,12849,12850,12850,12851,29972,29973,29974,29974,29975,29975,29976,29976,29977,29977,29978,29978,29979,29975,29976,29980,29981]} 1. d4 Nf6 2. c4 e6 3. Nc3 Bb4 4. e3 O-O 5. Bd3 d5 6. Nf3 c5 7. O-O dxc4 8. Bxc4 cxd4 9. exd4 b6 10. Bg5 Bb7 11. Re1 Nbd7 12. Rc1 Rc8 {[%cal Ba8c8,Bc8c5,Bc5d5][%mdl 32]} 13. Qb3 Be7 {LiveBook: 23 Games. E54: Nimzo-Indian: Rubinstein: Main Line: 7...dxc4 8 Bxc4} 14. Ne5 {Hoping for Nxf7!} Nxe5 15. dxe5 Nd7 {The position is equal.} 16. Bxe7 Qxe7 17. Nb5 Rc5 18. f4 {[#]} Bd5 $146 ({Predecessor:} 18... Rfc8 19. Nxa7 Rd8 20. Nb5 Nxe5 21. fxe5 {1-0 (36) Shulman,Y (2425)-Smagin,S (2545) St Petersburg 1994}) 19. Nd6 {next Bxd5 is good for White.} Qh4 ({Better is} 19... Bxc4 $11 20. Rxc4 f6) 20. Qg3 (20. g3 $14 Qh5 21. Rcd1) 20... Qxg3 $11 21. hxg3 {b4 is the strong threat.} Bxc4 22. b4 Rd5 23. Rxc4 f6 (23... Rd3 $14) 24. Rc7 $36 {[%mdl 2048] White is on the roll.} Rd8 {[%cal Rf6e5]} 25. Nc8 $1 {[%cal Rc8e7]} ({Don't play} 25. Rxa7 $6 fxe5 26. Ne4 exf4 $11) 25... Rd2 {[#]} 26. Ne7+ $1 ({Don't do} 26. Nxa7 $6 fxe5 27. a4 (27. fxe5 Rf8 $11) 27... exf4 $14) 26... Kf8 27. Nc6 Ra8 28. f5 {[%cal Bf4f5,Bf5e6][%mdl 32]} Nxe5 29. Nxe5 fxe5 30. fxe6 {[%mdl 4096] Endgame Threatens to win with Rf1+. KRR-KRR} Kg8 31. Rxe5 Rxa2 $2 {[%mdl 8192]} (31... a6 $16 32. Rc6 Rxa2) 32. Rd5 $2 (32. Rg5 g6 33. Rd5) 32... Re2 $2 {[#]} (32... Re8 {is more resistant.} 33. Rdd7 Kh8 34. Rxg7 Rxe6 35. Rxh7+ Kg8) 33. Rxa7 $1 $18 {[%cal Ra7a8][%mdl 512]} Rc8 (33... Rxa7 34. Rd8#) 34. Rdd7 Rxe6 35. Rxg7+ Kf8 36. Rxh7 {[%cal Rh7h8]} Kg8 37. Kh2 Rg6 38. Rh4 Rc3 (38... Rc1 $142 39. Re7 Rd1) 39. Rd4 {[%cal Rd4d8]} Rh6+ 40. Kg1 {[%cal Rd4d8]} Rc1+ 41. Kf2 {[%cal Rd4d8]} Rf6+ 42. Ke3 Rc3+ 43. Rd3 Re6+ 44. Kd2 {Rd8+ would kill now.} Rc8 45. Rad7 Rc4 46. R3d4 Rcc6 47. Rd3 $2 ({White should play} 47. Rb7 $18 {White wants to mate with Rd8+.} Rc8 48. g4) 47... Rg6 $2 {[%mdl 8192]} (47... Rc4 $11) 48. Rc3 Rxc3 $2 (48... Rcf6 49. Ke2 Re6+ 50. Kf2 Ref6+ 51. Ke2 Re6+ 52. Kf2 Ref6+ 53. Rf3 Rc6) 49. Kxc3 {KR-KR} Kf8 50. Kc4 (50. Rb7 $142 Rxg3+ 51. Kc4) 50... Rg5 51. Rd5 Rxg3 52. Kb5 Rg6 53. Re5 Kf7 54. Ka6 Rg4 55. b5 Rg6 {[#]} 56. g4 $1 {[%mdl 512]} Kf6 (56... Rxg4 57. Kxb6) 57. Re8 Kf7 58. Rc8 Ke7 59. Rc6 Rxg4 60. Kxb6 Kd7 {White mates.} 61. Kb7 Rb4 62. b6 {[%cal Bb5b6,Bb6b7][%mdl 32]} Rb1 63. Rc2 Rb3 64. Rd2+ Ke6 65. Kc7 Rc3+ 66. Kb8 Rb3 67. b7 Rb1 68. Ra2 {Precision: White = 72%, Black = 36%.} 1-0

[Event "Kupreichik Memorial Open 2018"]
[Site "Minsk"]
[Date "2018.06.22"]
[Round "5"]
[White "Mamedov, Rauf"]
[Black "Sihite, Chelsie Monica Igne"]
[Result "1-0"]
[WhiteElo "2711"]
[BlackElo "2236"]
[Annotator "TA"]
[PlyCount "81"]
[EventDate "2018.06.21"]
[EventCountry "BLR"]
[SourceTitle "playchess.com"]
[Source "ChessBase"]
[SourceQuality "1"]

{[%evp 14,81,29,32,47,0,30,35,64,62,67,67,73,76,61,37,60,42,114,37,56,52,31,58,28,38,40,0,23,6,78,57,97,34,116,91,227,94,129,100,124,59,50,49,51,53,113,114,108,106,191,173,171,140,220,204,189,142,561,557,29983,29974,29988,29989,29991,29992,29992,29993,29994,29995]} 1. Nf3 d5 2. g3 e6 3. Bg2 f5 4. d3 Nf6 5. O-O Be7 6. c4 c6 7. Nc3 O-O 8. Qc2 {LiveBook: 3 Games. A10: English Opening: Unusual Replies for Black} a5 9. e4 $146 ({Predecessor:} 9. Rd1 Qb6 10. Be3 Qd8 11. Bg5 Nbd7 12. cxd5 exd5 13. e4 h6 14. Bxf6 Nxf6 {1-0 (47) Porper,E (2377)-Reimanis,R (2335) chess.com INT 2018}) 9... d4 10. e5 {White has an edge.} dxc3 11. exf6 Bxf6 12. bxc3 e5 13. Re1 Re8 14. Ba3 Qc7 15. Rab1 Nd7 (15... Na6 $14) 16. Re2 (16. d4 $1 $16) 16... g5 17. Rbe1 g4 18. Nd2 Nf8 19. d4 Ng6 20. d5 Bd7 21. d6 Qc8 (21... Qd8 $11 {keeps the balance.}) 22. c5 $16 Be6 23. Qa4 (23. f3 $16) 23... f4 (23... e4 $14) 24. Ne4 Rf8 (24... Bd8 $16 {was called for.}) 25. Rb2 (25. gxf4 $1 $18 Nxf4 26. Nxf6+ Rxf6 27. Rxe5) 25... Bd8 26. Reb1 Ra7 {[#]} 27. Rd2 ({Better is} 27. d7 $1 $16 {[%cal Rd7c8]} Qxd7 28. Nd6) 27... Qd7 $14 28. Bf1 $36 {[%mdl 2048] White has some pressure.} h5 29. Bc4 Rf7 (29... Kg7 $14) 30. Bxe6 $16 Qxe6 {[#]} 31. d7 $1 fxg3 (31... h4 $16 {keeps fighting.}) 32. hxg3 h4 33. Rbd1 Nf8 (33... hxg3 $16 34. fxg3 Nf8) 34. Rd6 Qf5 35. Qc4 b5 $2 {[%mdl 8192]} (35... h3 $16 {is more resistant.}) 36. cxb6 $1 $18 Bxb6 37. Rf6 {White mates.} Bxf2+ 38. Kf1 Qxd7 39. Rxd7 Raxd7 40. Rxf7 Rxf7 41. Ng5 {Precision: White = 53%, Black = 26%.} 1-0

[Event "Kupreichik Memorial Open 2018"]
[Site "Minsk"]
[Date "2018.06.22"]
[Round "5"]
[White "Kovalev, Vladislav"]
[Black "Notkin, Maksim"]
[Result "1-0"]
[WhiteElo "2631"]
[BlackElo "2455"]
[Annotator "TA"]
[PlyCount "111"]
[EventDate "2018.06.21"]
[EventCountry "BLR"]
[SourceTitle "playchess.com"]
[Source "ChessBase"]
[SourceQuality "1"]

{[%evp 26,111,0,0,11,0,35,22,14,6,12,-58,-10,-13,-3,-16,67,58,92,102,95,90,98,91,143,144,141,126,134,125,130,130,179,155,189,159,199,181,210,159,146,157,150,126,138,136,172,176,138,175,164,104,160,123,103,100,178,175,125,73,68,18,55,49,159,154,256,252,440,437,423,417,410,403,370,345,439,431,838,768,6682,6383,5793,5369,5373,5370,2166,2165]} 1. e4 e5 2. Nf3 Nc6 3. Bc4 Bc5 4. c3 Nf6 5. d4 exd4 6. e5 d5 7. Bb5 Ne4 8. cxd4 Bb6 9. Nc3 O-O 10. Be3 {C54: Giuoco Piano: 4 c3 Nf6, main lines with 5 d4 and 5 d3} Bg4 11. h3 Bh5 12. Qc2 Bg6 (12... Bxf3 13. gxf3 Ng5 14. O-O-O Nxf3 15. Bxc6 bxc6 16. Qf5 Nh4 17. Qg4 Ng6 {½-½ (38) Naiditsch,A (2701)-Anand,V (2776) Karlsruhe/Baden-Baden 2018}) 13. Qb3 Ne7 14. O-O {LiveBook: 11 Games} c6 15. Bd3 Nf5 16. Rfe1 Nxe3 17. Rxe3 {[%cal Rc3e4]} Ng5 $146 {Hoping for ...Nxf3+.} ({Predecessor:} 17... Nxc3 18. Bxg6 hxg6 19. bxc3 {1-0 (27) Forcen Esteban,D (2536)-Akash Pc,I (2300) Escaldes 2017}) 18. Ne2 (18. Bxg6 $11 hxg6 19. Nxg5 Qxg5 20. Rd1) 18... Ne6 19. Rd1 Qd7 20. Qc2 c5 (20... Bxd3 $11 21. Qxd3 Qe7) 21. Bxg6 fxg6 22. dxc5 Bxc5 23. Red3 Qc6 24. Qb3 Kh8 ({Black should play} 24... Qb6) 25. Rxd5 $16 ({Don't play} 25. Qxd5 $6 Qb6 $14) 25... Rae8 26. Rc1 {aiming for Rdxc5!} b6 27. Ned4 Qc8 28. Nxe6 $1 Rxe6 29. Rcd1 Re7 30. Qd3 Qe6 31. a3 {Threatens to win with b4.} a5 32. Rd8 Ree8 33. Rxe8 Rxe8 34. Qd7 Qxd7 35. Rxd7 {[%mdl 4096] Endgame KRB-KRN} h6 36. Kf1 Kg8 37. Ke2 Rf8 38. Rd2 ({White should try} 38. Nd4 $18) 38... Rf4 (38... g5 $142 39. Rd7 Rf7 40. Rd8+ Rf8 41. Rxf8+ Kxf8) 39. Kd3 Kf7 40. Re2 $1 Ke6 {[#]} (40... g5 $16 {was worth a try.}) 41. Re4 $1 $18 {[%cal Re4f4]} Rf8 42. Rg4 (42. Rc4 $142) 42... g5 $16 43. h4 Bxf2 44. hxg5 h5 (44... Kd5 $1 $14) 45. Rc4 h4 (45... Kd5 $16) 46. Ke4 $18 ({Not} 46. Nxh4 Bxh4 47. Rxh4 Rf2 $11) 46... Bg3 $2 (46... Kd7 47. Rc2 Bg3 48. Rd2+ Ke8) 47. Rc6+ Kd7 48. Rxb6 Rf4+ {[#]} 49. Ke3 $1 Rc4 50. Kd3 Rf4 {intending ...h3.} 51. e6+ {[%cal Be5e6,Be6e7][%mdl 32] White is clearly winning.} Ke7 (51... Kd8 $142 52. Ne5 Rf1) 52. Ne5 {And now Ng6+ would win.} Rf2 53. Ng6+ Kd8 54. e7+ Ke8 55. Rc6 {Threatening mate with Rc8+.} Kd7 {[#]} 56. Rc8 $1 {[%mdl 512] Precision: White = 69%, Black = 29%.} 1-0

[Event "Kupreichik Memorial Open 2018"]
[Site "Minsk"]
[Date "2018.06.22"]
[Round "5"]
[White "Fedorov, Alexei"]
[Black "Sarbay, Aleksandr"]
[Result "1-0"]
[WhiteElo "2577"]
[BlackElo "2183"]
[Annotator "TA"]
[PlyCount "59"]
[EventDate "2018.06.21"]
[EventCountry "BLR"]
[SourceTitle "playchess.com"]
[Source "ChessBase"]
[SourceQuality "1"]

{[%evp 14,59,14,18,12,10,38,35,24,36,37,30,40,33,37,36,33,24,31,28,51,43,54,43,54,66,53,62,172,69,96,77,77,23,126,129,158,164,150,160,167,164,740,720,1319,825,813,805]} 1. c4 e5 2. d3 Nf6 3. Nf3 Nc6 4. Nc3 Bb4 5. Bd2 O-O 6. e3 d5 7. cxd5 Nxd5 8. Be2 {LiveBook: 23 Games. A28: English Opening: Four Knights Variation} Bg4 (8... Be6 9. O-O Be7 10. a3 a5 11. Qc2 f5 12. Na4 Kh8 13. Rac1 Nb6 14. Nc5 Bxc5 15. Qxc5 Qd6 16. Qc2 a4 17. Qc5 Rfd8 18. Qxd6 cxd6 {½-½ (66) Zhou,J (2630)-Swiercz,D (2636) Atlantic City 2016}) 9. O-O Nf6 $146 ({Predecessor:} 9... Nxc3 10. bxc3 Bd6 11. h3 Bh5 12. e4 Bg6 13. Qb3 Rb8 14. Bg5 Be7 15. Bxe7 Qxe7 {0-1 (45) Maekelae,R-Fesche,S Kuortane 1976}) 10. a3 {White is slightly better.} Be7 11. Qc2 Qd7 12. b4 a6 13. Rfd1 Rad8 14. Be1 Rfe8 15. Rab1 h6 16. Ne4 Nxe4 17. dxe4 Qe6 18. h3 Bh5 19. Rxd8 Rxd8 20. a4 Rd7 {[#]} (20... Ra8 $14) 21. b5 (21. Nxe5 $1 $18 {[%mdl 512]} Qxe5 (21... Nxe5 22. Bxh5) 22. f4) 21... axb5 $14 22. Rxb5 b6 {[#]} 23. Nxe5 (23. Ng5 $1 $16 {[%mdl 512]} Bxg5 24. Bxh5) 23... Nxe5 (23... Bxe2 $11 {keeps the balance.} 24. Nxd7 Bxb5 25. axb5 Qxd7 26. bxc6 Qd6) 24. Bxh5 $16 Nd3 25. Bg4 Qg6 26. Bc3 $36 {[%mdl 2048] White is really pushing.} Rd8 27. Rf5 {Bh5 is the strong threat.} Bc5 $2 (27... Qc6) 28. Bh5 $18 {White is clearly winning.} Qd6 29. Rd5 Qe7 30. Qxd3 {Precision: White = 70%, Black = 26%.} 1-0

[Event "Kupreichik Memorial Open 2018"]
[Site "Minsk"]
[Date "2018.06.22"]
[Round "5"]
[White "Shevchenko, Kirill"]
[Black "Savolainen, Lev P"]
[Result "1-0"]
[WhiteElo "2432"]
[BlackElo "2163"]
[Annotator "TA"]
[PlyCount "63"]
[EventDate "2018.06.21"]
[EventCountry "BLR"]
[SourceTitle "playchess.com"]
[Source "ChessBase"]
[SourceQuality "1"]

{[%evp 16,63,49,27,35,37,69,63,92,54,88,66,124,111,110,115,183,175,183,181,200,158,205,195,236,218,257,252,255,197,371,287,443,406,941,913,855,497,509,385,385,384,440,439,481,485,457,458,1029,1016]} 1. e4 {[%cal Be2e4,Be4e5][%mdl 32]} e6 2. d4 d5 3. Nd2 Nf6 4. e5 Nfd7 5. Bd3 c5 6. c3 Nc6 7. Ne2 Be7 8. O-O O-O 9. f4 {LiveBook: 3 Games} f6 {C06: French Tarrasch: 3...Nf6 4 e5 Nfd7 5 Bd3 main lines} (9... f5 10. Nf3 cxd4 11. cxd4 Nb6 12. h3 Bd7 13. g4 Rc8 14. Bd2 Nc4 15. Bxc4 dxc4 16. gxf5 Rxf5 17. Ng3 Qf8 18. Nxf5 Qxf5 {0-1 (25) Zambrana,O (2472)-Almeida Quintana,O (2426) Havana 2004}) 10. Nf3 a6 11. g4 $146 ({Predecessor:} 11. a3 c4 12. Bc2 b5 13. Ng3 a5 14. Bd2 Rb8 15. exf6 Nxf6 16. Ne5 Qb6 17. Nh5 {0-1 (65) Romero Torrents,J (1768)-Lopez Pajuelo,S (1862) Llinars del Valles 2018}) 11... b5 {White is slightly better.} 12. Be3 b4 13. Qb1 h6 (13... f5 $1 $14) 14. Nh4 $16 {[#] And now Bh7+ would win.} f5 15. Ng6 {[%cal Rg4f5]} bxc3 (15... Rf7 $16) 16. Nxf8 $18 (16. gxf5 $6 c4 $16) 16... Nxf8 17. bxc3 ({Much less strong is} 17. dxc5 $6 Rb8 $16) 17... Rb8 18. Qe1 fxg4 19. dxc5 Qa5 20. Nd4 Bd7 21. Nb3 Qa4 22. Qe2 Bc8 $2 {[#]} (22... Be8 {was necessary.} 23. Bxa6 h5) 23. Rab1 Nd7 (23... Bd7 {was worth a try.} 24. Bxa6 Ng6) 24. Bc2 ({Weaker is} 24. Qxg4 Ndxe5 25. Qe2 Nxd3 $16) 24... Qb5 (24... Qc4 $142 25. Qxc4 dxc4) 25. Qxg4 Nf8 26. Qd1 Qc4 27. Qd3 Qxd3 28. Bxd3 Nd7 29. Nd4 {White is clearly winning.} Rxb1 30. Rxb1 ({Less strong is} 30. Bxb1 Bxc5 31. Kf2 Nd8 $18) 30... Bxc5 31. Kf2 Kf7 (31... Bxd4 $142 32. cxd4 Ne7) 32. Nxc6 {Precision: White = 76%, Black = 14%.} 1-0

[Event "Kupreichik Memorial Open 2018"]
[Site "Minsk"]
[Date "2018.06.22"]
[Round "5"]
[White "Nikitenko, Mihail"]
[Black "Naumovich, Yaroslav"]
[Result "1-0"]
[WhiteElo "2401"]
[BlackElo "1959"]
[Annotator "NA"]
[PlyCount "93"]
[EventDate "2018.06.21"]
[EventCountry "BLR"]
[SourceTitle "playchess.com"]
[Source "ChessBase"]
[SourceQuality "1"]
[TimeControl "900+10"]

1. e4 {[%emt 0:00:00]} c6 {[%emt 0:00:01]} 2. Nc3 {[%emt 0:00:00]} d5 {[%emt 0:00:02]} 3. Nf3 {[%emt 0:00:00]} dxe4 {[%emt 0:00:02]} 4. Nxe4 {[%emt 0:00:03]} Nf6 {[%emt 0:00:02]} 5. Qe2 {[%emt 0:00:02]} Nxe4 {[%emt 0:00:02]} 6. Qxe4 {[%emt 0:00:02]} Nd7 {[%emt 0:00:02]} 7. Bc4 {[%emt 0:00:02]} Nf6 {[%emt 0:00:02]} 8. Ne5 {[%emt 0:00:02]} e6 {[%emt 0:00:06]} 9. Qe2 {[%emt 0:00:02]} Be7 {[%emt 0:00:01]} 10. d3 {[%emt 0:00:02]} O-O {[%emt 0:00:04]} 11. O-O {[%emt 0:00:03]} Nd5 {[%emt 0:02:59]} 12. Bd2 {[%emt 0:03:24]} Bf6 {[%emt 0:00:35]} 13. Rae1 {[%emt 0:00:04]} Qc7 {[%emt 0:01:31]} 14. Bb3 {[%emt 0:00:01]} Bxe5 {[%emt 0:01:24]} 15. Qxe5 {[%emt 0:00:02]} Qxe5 {[%emt 0:00:01]} 16. Rxe5 {[%emt 0:00:02]} Bd7 {[%emt 0:00:02]} 17. c4 {[%emt 0:02:26]} Ne7 {[%emt 0:00:48]} 18. Bc3 {[%emt 0:00:44]} Ng6 {[%emt 0:00:15]} 19. Re3 {[%emt 0:00:50]} c5 {[%emt 0:01:12]} 20. d4 {[%emt 0:00:01]} cxd4 {[%emt 0:00:17]} 21. Bxd4 {[%emt 0:00:02]} Bc6 {[%emt 0:00:09]} 22. g3 {[%emt 0:01:21]} Rfd8 {[%emt 0:00:38]} 23. Bc3 {[%emt 0:00:01]} Ne7 {[%emt 0:01:48]} 24. g4 {[%emt 0:00:01]} Rd7 {[%emt 0:01:38]} 25. Bc2 {[%emt 0:00:11]} Rad8 {[%emt 0:00:53]} 26. f4 {[%emt 0:00:03]} b6 {[%emt 0:02:59]} 27. f5 {[%emt 0:00:12]} exf5 {[%emt 0:00:10]} 28. gxf5 {[%emt 0:00:02]} f6 {[%emt 0:00:18]} 29. Re6 {[%emt 0:01:02]} Kf7 {[%emt 0:00:46]} 30. Rfe1 {[%emt 0:00:09]} Bb7 {[%emt 0:00:32]} 31. c5 {[%emt 0:06:49]} bxc5 {[%emt 0:00:39]} 32. Ba4 {[%emt 0:00:01]} Rc7 {[%emt 0:00:19]} 33. Ba5 {[%emt 0:00:05]} Rdc8 {[%emt 0:00:09]} 34. Bxc7 {[%emt 0:00:05]} Rxc7 {[%emt 0:00:01]} 35. Bc2 {[%emt 0:00:01]} Bd5 {[%emt 0:00:09]} 36. Ra6 {[%emt 0:00:09]} Rb7 {[%emt 0:00:16]} 37. Ra5 {[%emt 0:01:00]} Rc7 {[%emt 0:00:17]} 38. Re3 {[%emt 0:00:05]} Ba8 {[%emt 0:00:10]} 39. Rea3 {[%emt 0:00:14]} Rd7 {[%emt 0:00:06]} 40. Rxa7 {[%emt 0:00:08]} Rd2 {[%emt 0:00:04]} 41. Bb3+ {[%emt 0:00:02]} Bd5 {[%emt 0:00:01]} 42. Bxd5+ {[%emt 0:00:04]} Rxd5 {[%emt 0:00:02]} 43. Re3 {[%emt 0:00:01]} Re5 {[%emt 0:00:03]} 44. Rxe5 {[%emt 0:00:08]} fxe5 {[%emt 0:00:01]} 45. a4 {[%emt 0:00:03]} Kf6 {[%emt 0:00:01]} 46. a5 {[%emt 0:00:04]} Nd5 {[%emt 0:00:20]} 47. a6 {[%emt 0:00:03]} 1-0

[Event "Kupreichik Memorial Open 2018"]
[Site "Minsk"]
[Date "2018.06.22"]
[Round "5"]
[White "Meshkov, Yuri A"]
[Black "Aleksandrov, Aleksej"]
[Result "0-1"]
[WhiteElo "2375"]
[BlackElo "2597"]
[Annotator "TA"]
[PlyCount "112"]
[EventDate "2018.06.21"]
[EventCountry "BLR"]
[SourceTitle "playchess.com"]
[Source "ChessBase"]
[SourceQuality "1"]

{[%evp 15,112,0,18,-18,-20,-18,0,-5,-2,-8,13,3,14,19,37,38,41,41,40,0,0,0,0,-45,-39,-47,-43,-27,-22,-44,-26,-48,-35,-116,0,0,48,-49,0,0,0,0,0,0,7,0,70,13,26,8,23,0,26,26,26,0,0,0,0,-450,0,0,0,-243,0,0,359,355,341,338,337,338,330,333,275,-367,-341,-783,708,0,1106,-462,-462,-454,-434,-427,-390,-1145,-906,-1196,-991,-12844,-12844,-29987,-29988,-29991,-12847,-12847,-12847]} 1. e4 e5 2. Nc3 Nf6 3. g3 Bc5 4. Bg2 a6 (4... c6 5. Nge2 d5 6. exd5 cxd5 7. d4 exd4 8. Nxd4 O-O 9. O-O Bg4 10. Nde2 Qc8 11. Bg5 d4 12. Na4 Be7 13. Qd3 {0-1 (55) Adhiban,B (2655)-Kramnik,V (2787) Wijk aan Zee 2018}) 5. Nge2 d6 6. h3 {C26: Vienna Game: 2...Nf6, sidelines} Nc6 7. d3 Be6 8. Nd5 h6 {LiveBook: 6 Games} 9. Be3 (9. O-O {feels hotter.} Bd7 10. Be3 Bxe3 11. Nxe3 O-O 12. c3) 9... Bxe3 10. fxe3 Bxd5 11. exd5 Ne7 12. c4 $146 ({Predecessor:} 12. Qd2 Qd7 13. c4 O-O {0-1 (37) Shivananda,B (2372)-Sundararajan,K (2449) Chennai 2011}) 12... b5 13. b3 Rc8 14. O-O c6 15. dxc6 Nxc6 16. Nc3 O-O 17. Qe2 Ne7 18. Rxf6 gxf6 19. Ne4 f5 20. Nf6+ Kg7 21. Nh5+ Kh8 22. Rf1 Rg8 23. Kh2 bxc4 24. bxc4 (24. dxc4 $15 Qa5 25. Nf6) 24... Qf8 (24... Rb8 $17 25. Qf2 Rg6) 25. h4 $11 Rb8 26. Bh3 (26. Nf6 $14) 26... Rg6 27. Bxf5 Nxf5 28. Rxf5 Qe7 29. Qf2 Rb7 30. Nf6 Qd8 (30... Rb1 $11) 31. Nd5 ({White should try} 31. h5 $14 Rg7 32. Kh3) 31... Kg7 32. e4 a5 33. a4 Qb8 {Hoping for ...Rb2.} 34. Kh3 Qc8 35. Qd2 Rb1 {And now ...Rg1 would win.} 36. Qf2 Qd7 37. Qf3 $2 {[%mdl 8192]} (37. g4 $11) 37... Ra1 $2 ({Black should play} 37... Rg1 $19 38. g4 R6xg4) 38. g4 Qe6 39. Qe3 $2 (39. Nc7 $11 Qd7 40. Nd5) 39... h5 $2 ({Better is} 39... Rh1+ $19 40. Kg3 Rxg4+ $1 {[%mdl 512]} 41. Kxg4 Qg6+ 42. Rg5 hxg5) 40. g5 {aiming for Nf4!} Rxa4 $2 {[%mdl 8192]} (40... Rf1 $1 $11) 41. Qf3 Ra3 42. Nf6 Kf8 43. Nxh5 a4 44. Nf6 Rb3 45. Ng4 $4 {[%mdl 8192]} (45. h5 $18 {was the only winning move.}) 45... a3 $19 {...a2 is the strong threat.} 46. h5 $2 (46. Qe2 Qxc4 47. Rf3) 46... Rg8 $4 {[%mdl 8192] [#]} (46... a2 $19 47. hxg6 Qxg6) 47. g6 $2 {[#]} (47. Rf6 $1 $18 {[%cal Rf6e6]} Qd7 48. g6) 47... Rg7 $2 {[%mdl 8192]} (47... Rxg6 $1 $11 {[%mdl 512]} 48. hxg6 Qxg6) 48. h6 $4 {[%mdl 8192]} (48. Rf6 $18 {is the narrow road to win.} Qxc4 49. dxc4 Rxf3+ 50. Rxf3) 48... Rxg6 49. h7 Kg7 50. Rxf7+ Kh8 51. Rf8+ $2 (51. Qf5 Rb1 52. Rf8+ Kxh7 53. Qh5+ Rh6 54. Qxh6+ Qxh6+ 55. Nxh6 Kxh6 56. Ra8) 51... Kxh7 {( -> ...Rxd3!)} 52. Rf7+ Rg7 53. Rxg7+ Kxg7 54. Qe3 a2 55. Qa7+ Kg6 (55... Qf7 $142 56. Qxf7+ Kxf7 57. Nh6+ Kg6 58. Nf5 a1=Q 59. Nh4+ Kh5 60. Nf5 Qf1+ 61. Kg3 Rxd3+ 62. Ne3 Rxe3+ 63. Kh2 Rh3#) 56. Qxa2 Rxd3+ {Precision: White = 36%, Black = 44%.} 0-1

[Event "Kupreichik Memorial Open 2018"]
[Site "Minsk"]
[Date "2018.06.22"]
[Round "5"]
[White "Zhukova, Natalia"]
[Black "Uzlavataya, Anhelina"]
[Result "1-0"]
[WhiteElo "2356"]
[BlackElo "1925"]
[Annotator "NA"]
[PlyCount "49"]
[EventDate "2018.06.21"]
[EventCountry "BLR"]
[SourceTitle "playchess.com"]
[Source "ChessBase"]
[SourceQuality "1"]
[TimeControl "900+10"]

1. c4 {[%emt 0:00:00]} f5 {[%emt 0:00:02]} 2. Nc3 {[%emt 0:00:00]} Nf6 {[%emt 0:00:02]} 3. Nf3 {[%emt 0:00:00]} g6 {[%emt 0:00:03]} 4. d3 {[%emt 0:00:05]} Bg7 {[%emt 0:00:04]} 5. e4 {[%emt 0:00:01]} fxe4 {[%emt 0:01:57]} 6. dxe4 {[%emt 0:00:02]} d6 {[%emt 0:00:04]} 7. Be2 {[%emt 0:00:17]} e5 {[%emt 0:00:07]} 8. c5 {[%emt 0:00:42]} dxc5 {[%emt 0:03:17]} 9. Qxd8+ {[%emt 0:00:09]} Kxd8 {[%emt 0:00:01]} 10. Nxe5 {[%emt 0:00:02]} Ke7 {[%emt 0:00:56]} 11. Bg5 {[%emt 0:02:04]} c6 {[%emt 0:01:14]} 12. Nd3 {[%emt 0:01:59]} c4 {[%emt 0:01:51]} 13. Nf4 {[%emt 0:00:10]} Nbd7 {[%emt 0:01:09]} 14. Bxc4 {[%emt 0:02:33]} Ne5 {[%emt 0:00:01]} 15. Bb3 {[%emt 0:00:01]} h6 {[%emt 0:02:02]} 16. Nfd5+ {[%emt 0:01:04]} cxd5 {[%emt 0:00:20]} 17. Nxd5+ {[%emt 0:00:01]} Kd6 {[%emt 0:01:22]} 18. Bxf6 {[%emt 0:00:24]} Bxf6 {[%emt 0:00:02]} 19. Nxf6 {[%emt 0:00:18]} Rf8 {[%emt 0:00:18]} 20. Rd1+ {[%emt 0:00:28]} Kc6 {[%emt 0:00:23]} 21. Nd5 {[%emt 0:00:06]} Bd7 {[%emt 0:01:29]} 22. O-O {[%emt 0:00:22]} Rae8 {[%emt 0:00:57]} 23. Rc1+ {[%emt 0:00:25]} Kd6 {[%emt 0:00:47]} 24. Rfd1 {[%emt 0:00:02]} Bb5 {[%emt 0:00:20]} 25. Nc7+ {[%emt 0:00:20]} 1-0